Представление документа в формате MARC21

ПолеНазваниеЗначение
  Тип записи a
  Библиографический уровень m
001 Контрольный номер RU\infra-m\znanium\bibl\1894552
005 Дата корректировки 20260429142334.0
008 Кодируемые данные 260105s2026 RU g rus u
020 Индекс ISBN __
a ISBN 978-5-16-012876-4
020 Индекс ISBN __
a ISBN 978-5-16-101108-9 (электр. издание)
040 Источник каталогиз. __
a Служба первич. каталог. Общество с ограниченной ответственностью «ЗНАНИУМ»
041 Код языка издания __
a Код языка текста rus
044 Код страны публикации __
a Код страны публикации RU
080 Индекс УДК __
a Индекс УДК 51(075.8)
084 Индекс другой классификации/Индекс ББК __
2 Источник индекса rubbk
a Индекс другой классификации/Индекс ББК 22.1я73
084 Индекс другой классификации/Индекс ББК __
2 Источник индекса okso
a Индекс другой классификации/Индекс ББК 01.03.01
084 Индекс другой классификации/Индекс ББК __
2 Источник индекса okso
a Индекс другой классификации/Индекс ББК 01.03.02
084 Индекс другой классификации/Индекс ББК __
2 Источник индекса okso
a Индекс другой классификации/Индекс ББК 01.03.03
084 Индекс другой классификации/Индекс ББК __
2 Источник индекса okso
a Индекс другой классификации/Индекс ББК 01.03.04
084 Индекс другой классификации/Индекс ББК __
2 Источник индекса okso
a Индекс другой классификации/Индекс ББК 01.04.02
084 Индекс другой классификации/Индекс ББК __
2 Источник индекса okso
a Индекс другой классификации/Индекс ББК 02.03.01
084 Индекс другой классификации/Индекс ББК __
2 Источник индекса okso
a Индекс другой классификации/Индекс ББК 02.03.02
084 Индекс другой классификации/Индекс ББК __
2 Источник индекса okso
a Индекс другой классификации/Индекс ББК 02.03.03
084 Индекс другой классификации/Индекс ББК __
2 Источник индекса okso
a Индекс другой классификации/Индекс ББК 02.04.02
084 Индекс другой классификации/Индекс ББК __
2 Источник индекса okso
a Индекс другой классификации/Индекс ББК 03.03.02
084 Индекс другой классификации/Индекс ББК __
2 Источник индекса okso
a Индекс другой классификации/Индекс ББК 03.03.03
084 Индекс другой классификации/Индекс ББК __
2 Источник индекса okso
a Индекс другой классификации/Индекс ББК 04.03.02
100 Автор __
a Автор Гулин А.В.
q Полное имя Гулин Алексей Владимирович
u Дополнение Московский государственный университет им. М.В. Ломоносова
245 Заглавие __
a Заглавие Введение в численные методы в задачах и упражнениях
b Продолж. заглавия Учебное пособие
c Ответственность Московский государственный университет им. М.В. Ломоносова
250 Сведения об издании __
a Основные сведения об издании 1
260 Выходные данные __
a Место издания Москва
b Издательство ООО "Научно-издательский центр ИНФРА-М"
c Дата издания 2026
300 Физическое описание __
a Объем 368 с.
520 Аннотация __
a Аннотация Пособие отражает опыт преподавания курса "Введение в численные методы" на факультете вычислительной математики и кибернетики МГУ имени М.В.Ломоносова. Наряду с конспективным изложением теоретического материала пособие содержит значительное число примеров задач и упражнений иллюстративного характера. Приведено решение большинства предлагаемых задач. Пособие рассчитано на студентов младших курсов специализирующихся в области вычислительной математики и начинающих преподавателей. Оно может оказаться полезным студентам старших курсов магистрантам и аспирантам желающим самостоятельно закрепить свои навыки в области численных методов. Отдельные задачи и примеры можно использовать на семинарских занятиях и при подготовке заданий математического практикума.
521 Примеч. о цел. назн. __
a Примеч. о целев. назн. ВО - Бакалавриат
650 Тематические рубрики __
a Основная рубрика Физико-математические науки
x Основная подрубрика Математическая физика и вычислительная математика
655 Указ. предметных рубрик (устаревшее) __
a Жанр/ форма (устаревшее) Учебное пособие
700 Другие авторы __
a Другие авторы Мажорова О.С.
q Полное имя Мажорова Ольга Семеновна
u Дополнение Московский государственный университет им. М.В. Ломоносова
700 Другие авторы __
a Другие авторы Морозова В.А.
q Полное имя Морозова Валентина Алексеевна
u Дополнение Московский государственный университет им. М.В. Ломоносова
856 Электронный адрес документа 4_
a Имя сервера/домена znanium.ru
m Помощь ebs_support@infra-m.ru
n Местонахождение сервера НИЦ ИНФРА-М
u URL https://znanium.ru/catalog/document?id=476071
856 Электронный адрес документа 48
a Имя сервера/домена znanium.ru
d Путь /cover/1894
f Электронное имя 1894552.jpg
u URL https://znanium.ru/cover/1894/1894552.jpg
911 __
u 0030=https://znanium.ru/catalog/document?id=476071